| 000 | 00488pab a2200181 454500 | ||
|---|---|---|---|
| 008 | 180718b2006 xxu||||| |||| 00| 0 eng d | ||
| 100 | _aSinghania, Ankita | ||
| 245 | _aCopyright laws in India and maintenance of a welfare state | ||
| 260 | _c2006 | ||
| 300 | _ap.43-52. | ||
| 362 | _aJan | ||
| 650 | _aSocial policy | ||
| 650 | _aIndia - Social policy | ||
| 650 | _aCopyright - India | ||
| 650 | _aCopyright | ||
| 773 | _aJournal of Intellectual property Rights | ||
| 909 | _a70555 | ||
| 999 |
_c70555 _d70555 |
||